[Event "EU-ch 8th"]
[Site "Dresden"]
[Date "2007.04.09"]
[Round "7"]
[White "Babula, Vlastimil"]
[Black "Kulaots, Kaido"]
[Result "1-0"]
[WhiteElo "2586"]
[BlackElo "2525"]
[Annotator "Rogozenco,D"]
[PlyCount "83"]
[EventDate "2007.04.03"]
[EventType "swiss"]
[EventRounds "11"]
[EventCountry "GER"]
[SourceTitle "CBM 118"]
[Source "ChessBase"]
[SourceDate "2007.05.31"]
[SourceVersion "1"]
[SourceVersionDate "2007.05.31"]
[SourceQuality "1"]

1. d4 d5 2. c4 c6 3. Nf3 Nf6 4. Nc3 dxc4 5. a4 Bf5 6. Ne5 Nbd7 7. Nxc4 Nb6 8.
Ne5 a5 9. Bg5 {Recently this became White's main attempt to fight for
advantage against the system 7...Nb6 followed by 8...a5. The idea of
developing the bishop to g5 belongs to Ivanchuk and was implemented in
practice for the first time by GM A.Maksimenko. Then it was developed mainly
by the Israeli GMs Gelfand and Avrukh.} (9. f3 {is played most frequently}) ({
Kramnik's} 9. g3 {still remains the most solid way to meet Black's set-up.})
9... g6 {The newest plan for Black against 9.Bg5, introduced into practice by
R. Felgaer in 2006. The Argentinian GM is a specialist for Black: he had to
fight against 9.Bg5 in the tough World Cup match versus Gelfand in 2005. This
novelty is not going to refute 9...g6, but at least Black is facing new
problems.} 10. f3 $1 $146 ({The previously played} 10. e3 {is rather harmless:}
Bg7 11. Bd3 (11. Be2 Nfd5 $11 12. Bh4 Nxc3 13. bxc3 Bxe5 14. dxe5 Qxd1+ 15.
Kxd1 Nd7 16. g4 Be6 17. f4 Nc5 $132 {0-1 Pogorelov,R (2395)-Felgaer,R (2581)/
La Pobla de Lillet 2006 (29)}) 11... Be6 12. Be2 Nfd5 13. Nd3 Nb4 14. O-O Nxd3
15. Bxd3 O-O 16. Ne4 Bd5 17. Bh4 Re8 18. Qc2 f5 19. Nc3 Bf7 $11 {1/2-1/2
Sargissian,G (2658)-Sokolov,I (2652)/Zafra 2007 (64)}) 10... h6 {In my opinion
Black must think twice before playing ...h6 after having played ...g6, since
in many cases the pawn on g6 can lack protection, especially when White has a
knight on e5 and f4-f5 ideas.} (10... Bg7 11. e4 Be6 12. Be3 (12. Be2 O-O (
12... Nfd7 $1) 13. Be3 (13. O-O Nfd7 $11)) 12... O-O 13. Be2 Nfd7 14. Nxd7 $1 (
14. f4 Nxe5 15. dxe5 Nc4 $132) 14... Bxd7 15. Qb3 Nc8 16. O-O {White has
optimally arranged his pieces and has the advantage. On the other hand Black
has exchanged a pair of knights and with the strong bishop on g7 his position
contains enough potential for counterplay. For instance:} (16. Qxb7 Nd6 17. Qb3
Rb8 18. Qc2 Qb6 $44) 16... Be6 17. d5 (17. Qxb7 Bxd4 18. Bxd4 ({After} 18. Qxa8
$2 Bxe3+ 19. Kh1 Qb6 20. Qa6 Qxb2 {White loses a piece:} 21. Qxc6 (21. Qxa5 Bd2
) 21... Na7 22. Qc7 Rc8) 18... Qxd4+ 19. Kh1 Qb6 20. Qxa8 Na7 21. Qxf8+ Kxf8 {
is good for Black}) 17... cxd5 18. exd5 (18. Nxd5 Bxd5 19. exd5 Nd6 $11) 18...
Bd7 19. Qxb7 Nd6 20. Qb3 (20. Qb6 $2 Qxb6 21. Bxb6 Rfb8) 20... Rb8 $44) (10...
Nfd7 {comes into consideration}) 11. Bh4 Bg7 12. e4 Be6 13. Be2 O-O (13... Nh5
14. Bf2 Nf4 {doesn't achieve its goal due to} 15. Bf1 $1 $14 {with the idea
g2-g3. In order to justify his actions Black will have to go for some risky
positions with his knight on h3.}) 14. Bf2 Qc7 15. O-O $14 Nh5 (15... Nfd7 16.
f4 Rfd8 17. Qc2 $14) 16. g3 $1 {White must prevent the exchange of pieces,
which would make Black's task to equalize considerably easier.} Nf6 17. Qc2
Nfd7 18. f4 $1 Nxe5 $2 {This understandable desire to exchange knights is a
mistake, even if it is not easy to give Black good advice instead. However,
after opening the diagonal a7-g1 White will have big pressure on Black's
queenside. Notice that the bishop on g7 remains out of play and it is
generally difficult for Black to create any counterplay by advancing the
f-pawn to f6 (after the exchange of knights on e5) or f5 (before the exchange
of knights) due to the weak pawn on g6 (see above the comments after 10...h6).}
19. dxe5 $16 Rac8 $6 {The main problem for Black is what to do with his knight
on b6? It cannot go to d7 due to White's advance f4-f5 and on b6 it is very
vulnerable.} (19... Bc4 20. Bxc4 Nxc4 21. b3 Nb6 22. Nb5 Qd8 23. Rfd1 Nd7 24.
Na3 Qc7 25. Rd3 $16 {is very unpleasant, but better than the game. Here White
will have also e5-e6 ideas, followed by e4-e5.}) 20. Rac1 $1 Bc4 $2 {In a
difficult position Black makes a move that loses by force.} (20... Rfd8 21. Nb5
Qb8 22. Nd4 $16) 21. Bxc4 Nxc4 22. Qe2 $1 $18 {Vlastimil plays very precisely
until the end. The game is over now, since White wins at least two pawns.} ({
Black must have calculated only} 22. b3 Nb6 23. Nb5 {when after} Qb8 {he keeps
some hopes to survive.}) 22... Nb6 23. Nb5 Qd8 (23... Qb8 24. Bxb6 cxb5 25.
Qxb5 $18 {[%csl Ra5]}) 24. Na7 $1 {The most convincing.} (24. Rfd1 Nd7 25. Na7
Rc7 26. Bb6 Nxb6 27. Rxd8 Rxd8 28. Qe1 {must be winning too, but the game is
much easier.}) 24... Ra8 25. Rfd1 Qb8 ({After} 25... Nd7 26. e6 fxe6 27. Qc4 {
Black's position collapses.}) 26. Bxb6 Rxa7 27. Bxa7 Qxa7+ 28. Kg2 e6 29. Rd7 {
White is completely winning.} Qb6 30. Rc3 Re8 31. Rcd3 Bf8 32. b3 Qb4 33. Rc7
h5 34. Rdd7 Re7 35. Qd3 Rxd7 36. Rxd7 Bc5 37. f5 Qe1 38. fxg6 Qf2+ 39. Kh3 fxg6
40. Rxb7 Bd4 41. Qc4 Kh8 42. Qxe6 1-0

[Event "CHN-ch"]
[Site "Xinghua Jiangsu"]
[Date "2009.05.27"]
[Round "2"]
[White "Wang, Hao"]
[Black "Ni, Hua"]
[Result "1-0"]
[WhiteElo "2696"]
[BlackElo "2724"]
[Annotator "Rogozenco,D"]
[PlyCount "55"]
[EventDate "2009.05.26"]
[EventType "tourn"]
[EventRounds "11"]
[EventCountry "CHN"]
[EventCategory "14"]
[SourceTitle "CBM 131"]
[Source "ChessBase"]
[SourceDate "2009.07.15"]
[SourceVersion "1"]
[SourceVersionDate "2009.07.15"]
[SourceQuality "1"]

1. Nf3 d5 2. d4 Nf6 3. c4 c6 4. Nc3 dxc4 5. a4 Bf5 6. Ne5 Nbd7 7. Nxc4 Qc7 8.
g3 e5 9. dxe5 Nxe5 10. Bf4 Nfd7 11. Bg2 g5 12. Ne3 gxf4 13. Nxf5 O-O-O 14. Qc2
Nc5 15. O-O fxg3 16. hxg3 a5 17. Rfd1 h5 18. Rxd8+ Qxd8 19. Rd1 Qf6 20. Bh3
$146 (20. Ne4 Nxe4 21. Qxe4 Bb4 $11) (20. e3 Kb8 21. Ne2 Ne6 22. Ned4 Bb4 23.
Nxe6 fxe6 24. Nd4 Rd8 $11 {1/2-1/2 Avrukh,B (2641)-Fressinet,L (2654)/Germany
2008 (33)}) (20. Qd2 Be7 21. Bh3 Kb8 22. Qe3 Ng6 23. Nxe7 Qxe7 24. Qxe7 Nxe7
25. Rd6 $14 {1-0 Gelfand,B (2723)-Akopian,V (2673)/Yerevan 2008 (41)}) 20...
Kb8 21. Qd2 h4 $5 (21... Be7 22. Qe3 {transposes to 20.Qd2.}) (21... Nc4 $2 22.
Qf4+) 22. g4 (22. Nxh4 $6 Nc4 23. Qc2 Bd6 $44 (23... Nxb2 24. Qxb2 Bg7 25. Rc1
Ne4 $36)) 22... Rg8 23. Kh1 Ne6 $4 (23... Be7 24. Qe3 Ng6 25. f4 Qe6 26. Qxe6
fxe6 27. Nxe7 Nxe7 28. g5 $14) 24. Ne4 $18 {[%csl Ra5]} Qg6 (24... Qh8 25. Qxa5
Nc4 (25... Nxg4 26. Bxg4 Rxg4 27. Qb6 $18 {[%cal Gd1d7]}) 26. Rd8+ $1 Nxd8 27.
Qxd8+ Ka7 28. Nf6 $18) 25. Qxa5 Nxg4 26. f3 Nh6 (26... Nf6 27. Qe5+ $18) 27.
Qe5+ Ka7 28. Nf6 (28. Nf6 Rh8 29. Qa5+ Kb8 30. Nd7+ Kc8 31. Qa8+ Kc7 32. Qb8#)
1-0

[Event "Marseille op"]
[Site "Marseille"]
[Date "2006.07.06"]
[Round "8"]
[White "Fridman, Daniel"]
[Black "Maze, Sebastien"]
[Result "1-0"]
[WhiteElo "2562"]
[BlackElo "2525"]
[Annotator "Rogozenco,D"]
[PlyCount "47"]
[EventDate "2006.06.30"]
[EventType "swiss"]
[EventRounds "9"]
[EventCountry "FRA"]
[SourceTitle "CBM 113 Extra"]
[Source "ChessBase"]
[SourceDate "2006.09.14"]
[SourceVersion "1"]
[SourceVersionDate "2006.09.14"]
[SourceQuality "1"]

1. d4 d5 2. Nf3 Nf6 3. c4 c6 4. Nc3 dxc4 5. a4 Bf5 6. Ne5 Nbd7 7. Nxc4 Nb6 8.
Ne5 Nfd7 $2 {The present game shows a clear refutation of this move.} (8... e6)
(8... a5 {is fashionable lately and became the main continuation.}) ({Also
doubtful is} 8... Nbd7 9. Qb3 $1 Nxe5 10. dxe5 Ng4 11. Qxb7 Nxe5 12. f4 Ng6 13.
e4 Bd7 $2 14. f5 Ne5 15. Bf4 $18 {1-0 Kasparov,G (2805)-Timman,J (2635)/Riga
1995 (22)}) 9. e4 $1 $146 {[%mdl 8]} (9. Nxd7 Nxd7 10. e4 Bg6 11. Be3 Qa5 12.
f3 e5 $11 {0-1 Christensen,T (2221)-Pedersen,F (2266)/Denmark 2003 (49)}) ({
Also strong is} 9. a5 Nd5 10. Nxd5 cxd5 11. Qb3 Nxe5 12. dxe5 Bc8 $6 13. e4 $1
$16 {1-0 Grigore,G (2479)-Avila Jimenez,J (2194)/Badalona 2005 (49)}) (9. Nd3
Nd5 10. e3 e6 $11 {0-1 Del Rio Angelis,S (2502)-Korneev,O (2602)/La Roda 2005 
(27)}) 9... Nxe5 (9... Bg6 10. a5 (10. Nxg6 hxg6 11. a5 Nc8 12. Qb3 $16) 10...
Nxe5 (10... Nc8 11. a6 $18) 11. axb6 Nd7 12. Rxa7 Nxb6 13. Rxb7 e6 14. Be3 $18)
10. exf5 Ned7 (10... Nec4 11. a5 $18) 11. a5 {Black is already in a very
difficult situation.} Nc8 ({Relatively best was} 11... Nd5 12. Nxd5 cxd5 13.
Qb3 {Of course White has a lot of other attractive continuations.} (13. Bd3 $16
) (13. Bb5 a6 14. Ba4 Qxa5+ 15. Bd2 Qd8 16. O-O $44) 13... e6 (13... e5 14.
dxe5 Nxe5 15. Bb5+ Nc6 16. a6 $18) 14. Bf4 Be7 15. Qxb7 O-O 16. Be2 $16) 12. a6
$1 b6 (12... bxa6 $142 13. Bxa6 $16 {/+-}) 13. d5 $1 $18 {Black loses by force
in all variations.} cxd5 (13... c5 14. Bb5 Nd6 15. Bc6 Rc8 16. O-O g6 17. Bf4
Bg7 18. Bxd6 exd6 (18... Bxc3 19. Bxe7 $18) 19. Nb5 $18) (13... Nf6 14. Qa4 $1
b5 15. Bxb5 cxb5 16. Nxb5 $18) 14. Qxd5 Nd6 15. Nb5 $1 Rc8 16. Be3 Nf6 (16...
Nxb5 17. Bxb5 $18) 17. Nxd6+ exd6 18. Bb5+ Nd7 19. O-O Be7 20. Qb7 Rc7 21. Rfc1
$1 {Beautiful play.} Rxb7 22. axb7 d5 (22... O-O 23. Rc8 Qxc8 24. bxc8=Q Rxc8
25. Bxd7 $18) 23. Rc8 Bd6 24. Bf4 $5 (24. Bf4 Bxf4 25. Re1+ {mating}) 1-0

[Event "EU-ch 8th"]
[Site "Dresden"]
[Date "2007.04.09"]
[Round "7"]
[White "Hillarp Persson, Tiger"]
[Black "Sakaev, Konstantin"]
[Result "1/2-1/2"]
[WhiteElo "2552"]
[BlackElo "2633"]
[Annotator "Rogozenco,D"]
[PlyCount "129"]
[EventDate "2007.04.03"]
[EventType "swiss"]
[EventRounds "11"]
[EventCountry "GER"]
[SourceTitle "CBM 118"]
[Source "ChessBase"]
[SourceDate "2007.05.31"]
[SourceVersion "1"]
[SourceVersionDate "2007.05.31"]
[SourceQuality "1"]

1. d4 d5 2. c4 c6 3. Nf3 Nf6 4. Nc3 dxc4 5. a4 Bf5 6. Ne5 Nbd7 7. Nxc4 Nb6 8.
Ne5 a5 9. g3 {Kramnik's move introduced into practice in his 1994 game versus
Short still remains one of the main options for White.} e6 10. Bg2 Bb4 11. O-O
O-O 12. e3 h6 13. Qe2 Bh7 14. Rd1 Nfd7 15. Nd3 {Played by Kramnik in the
aforementioned game.} ({Later the alternative} 15. Nxd7 Nxd7 16. e4 Qe7 17. Be3
{became more popular, although Black doesn't have real problems here and is
able to achieve reasonable play without difficulties.}) 15... Bxd3 {This idea
belongs to Ivan Sokolov. Black uses his lead in development and White's
slightly weakened queenside to create some initiative with a quick ...e6-e5.} (
{Kramnik's game went:} 15... Qe7 16. e4 (16. Ne4 e5 $1 17. dxe5 Nxe5 18. Nxb4
axb4 {[%csl Ra4]} 19. b3 $6 (19. a5 $142) 19... Ned7 20. Nd6 Nc5 $132 {0-1
Wang Rui (2477)-Felgaer,R (2554)/Moscow 2004 (42)}) 16... e5 (16... Rfd8 17.
Bf4 Nf6 18. Ne5 Nfd7 19. Ng4 $5 $13 {/+/=, 1-0 Bocharov,D (2559)-Bryzgalin,K 
(2473)/Sochi 2006 (40)}) 17. d5 ({A critical move here is} 17. dxe5 Nxe5 18.
Nxe5 Qxe5 19. Be3 $1 (19. f4 Qe7 20. Be3 Bc5 $10) (19. Bf4 Qe6 $11) 19... Bc5 (
19... Qc7 $5 20. f4 (20. Rac1 {involves a positional pawn sacrifice} Bxc3 21.
Rxc3 Nxa4 $13) 20... Rfd8 21. f5 $5 $13 {/+/=}) 20. Rac1 Bxe3 21. Qxe3 Nc4 (
21... Ra6 $2 22. Bf1 $18 {1-0 Huzman,A (2577)-Dziuba,M (2429)/Warsaw 2005 (27)}
) 22. Qd4 Qxd4 23. Rxd4 Nb6 24. Rcd1 $14 {1/2-1/2 Eljanov,P (2639)-Shaw,J 
(2449)/Gothenburg 2005 (79)}) 17... Rfd8 18. Be3 Bxc3 19. bxc3 cxd5 20. exd5
Nc4 21. Bxh6 $5 (21. Nc5 Nxc5 (21... Ndb6 $11) 22. Qxc4 Rac8 23. Qb5 $13 {
1/2-1/2 Korobov,A (2543)-Kovalev,D (2421)/Alushta 2006 (72)}) 21... gxh6 22.
Qg4+ Qg5 23. Qxc4 Rac8 24. Qb5 Rxc3 $13 {1/2-1/2 Kramnik,V (2725)-Short,N 
(2665)/Novgorod 1994 (46)}) 16. Rxd3 {Hillarp Persson links this move to a new
idea.} (16. Qxd3 {Taking with the queen makes in my opinion more sense. The
queen will retreat then to c2, where it is better placed than on e2. Black
didn't show a clear way to equalize here:} Qe7 17. b3 ({Also good is the
immediate} 17. Qc2 {On c2 the queen controls the b3-square (which can be
important in the future) and protects once more c3 and a4. It is more
difficult for Black to create counterplay here by means of the advance ...e5:}
e5 18. dxe5 $1 Qxe5 19. e4 Qe6 20. Be3 Rfd8 (20... Nc4 21. Bd4 c5 22. Nd5 cxd4
23. Qxc4 Bc5 $14 {(Kacheishvili)}) 21. Ne2 Qc4 22. Rdc1 $1 Qxc2 23. Rxc2 {
The endgame is clearly better for White, even if the Georgian GM managed to
lose it:} Nc8 24. f4 (24. Rd1 $142 Ne7 25. f4 Nf6 26. Rcc1 Ng4 27. Bb6 Rxd1+
28. Rxd1 $16 {(Kacheishvili)}) 24... Nf6 25. h3 $2 (25. Bd4 $14) 25... Nxe4 $1
$132 {0-1 Kacheishvili,G (2595)-Zhou,J (2470)/Jinan 2005 (59)}) 17... Rfd8 18.
Bb2 e5 19. Ne2 Nf6 20. e4 Nbd7 21. Qc2 $14 {White has achieved a stable
advantage.} exd4 22. Nxd4 g6 {Covers f5, but creates weaknesses on the long
diagonal.} 23. f3 h5 24. Qc1 $1 Bc5 25. Qg5 Qe5 26. Qxe5 Nxe5 27. Rac1 Bb6 28.
Kf1 Ned7 29. Bh3 $16 {1-0 Grigoriants,S (2550)-Ni Hua (2614)/Moscow 2006 (56)})
16... Qe7 17. f4 $146 {A new move, trying to prevent Black's ...e5.} (17. Rd1
e5 18. d5 cxd5 19. Nxd5 Nxd5 20. Bxd5 Nf6 21. e4 (21. Bg2 e4 $5 (21... Rfd8 $11
) 22. b3 Rac8 23. Bb2 Bc3 24. Ba3 Bb4 $11) 21... Rad8 22. Be3 Nxd5 23. exd5 f5
24. Rac1 Qf7 25. Bc5 $11 {1/2-1/2 Illescas Cordoba,M (2626)-Sokolov,I (2663)/
Sanxenxo 2004 (28)}) 17... f6 $1 {Black still can advance the e-pawn.} 18. e4
e5 19. Be3 (19. dxe5 $6 fxe5 20. f5 $6 Nc5 21. Rd1 Nb3 $132 {[%csl Rg2]}) 19...
exd4 20. Bxd4 Nc5 {Due to White's weakened queenside Black has an easy game.}
21. Bxc5 {With this exchange White admits that Black has achieved a
comfortable game.} ({Perhaps White could fight for the advantage with} 21. Rdd1
$5 Rfe8 (21... Bxc3 $6 22. Bxc3 Ncxa4 $2 23. Rxa4 Nxa4 24. Qc4+ $18) (21...
Rad8 22. Qc2 Rfe8 23. Bf3 $14 {[%cal Gg1g2]}) 22. Qc2 $13) 21... Qxc5+ 22. Kh1
Rad8 23. Na2 Qc4 24. Nxb4 axb4 25. Re3 Qxe2 26. Rxe2 Nc4 27. a5 {Interesting,
but still a slightly strange pawn sacrifice in order to activate the bishop.
It is difficult to believe that White must take such extreme measures to save
the game.} (27. Kg1 Rd4 $15 (27... Rd3 28. Rc1)) (27. e5 $5) 27... Nxa5 28. Bh3
b6 29. Be6+ Kh7 30. h4 Rfe8 31. f5 {White has some compensation thanks to his
strong bishop and his opponent's king being on h7. However, the evaluation is
clear: Black is better.} Rd3 (31... c5 $5 {[%cal Ga5c6,Gc6d4]}) 32. Kg2 Red8
33. g4 Nb3 34. Bxb3 ({There is no time to continue kingside activity and keep
the bishop:} 34. Rh1 Nd4 {is bad for White}) 34... Rxb3 35. g5 hxg5 36. hxg5
Rdd3 37. Rh1+ Kg8 38. g6 Rg3+ 39. Kf2 $44 {[%csl Rg8] His opponent's king
position secures White enough compensation for the draw.} Rgf3+ 40. Kg2 Rg3+
41. Kf2 c5 42. Rd2 Rgf3+ 43. Kg2 Rg3+ 44. Kf2 Rgf3+ 45. Kg2 Rfd3 {A plausible
attempt, which, however cannot achieve anything. With the king on g8 Black has
no real chances to play for a win.} 46. Rxd3 Rxd3 47. Ra1 Rd8 48. Ra7 Rc8 49.
Kf2 c4 50. Ke2 Rb8 (50... c3 51. bxc3 bxc3 52. Kd1 c2+ 53. Kc1 {Right in time,
after which Black will lose his both pawns.}) 51. Kd2 b5 52. Kc2 b3+ 53. Kc3
Kf8 54. Rf7+ Kg8 55. Rc7 Kf8 56. Kb4 {Now it is White who wants to show some
aggressivity. All this is just a psychological play, since White cannnot win
the b5-pawn and therefore cannot make any progress.} Kg8 57. Kc3 Kf8 58. Rf7+
Kg8 59. Rd7 Kf8 60. Kd2 Kg8 61. Rc7 Kf8 62. Ke3 Kg8 63. Kd2 (63. Kd4 Kf8 64.
Kd5 Rd8+ 65. Ke6 Re8+ 66. Kd5 Rd8+ 67. Ke6 $11 (67. Kc5 $2 c3 $19)) 63... Kf8
64. Ke3 Kg8 65. Kd2 1/2-1/2

[Event "World Cup"]
[Site "Khanty-Mansiysk"]
[Date "2009.11.27"]
[Round "3.1"]
[White "Mamedyarov, Shakhriyar"]
[Black "Wang, Hao"]
[Result "1-0"]
[WhiteElo "2719"]
[BlackElo "2708"]
[Annotator "Rogozenco,D"]
[PlyCount "104"]
[EventDate "2009.11.21"]
[EventType "k.o."]
[EventRounds "7"]
[EventCountry "RUS"]
[SourceTitle "CBM 134"]
[Source "ChessBase"]
[SourceDate "2010.01.18"]
[SourceVersion "1"]
[SourceVersionDate "2010.01.18"]
[SourceQuality "1"]

{Mamedyarov showed an impressive level of play at the World Cup 2009 (until
round 5, when he was stopped by Karjakin). In the present game the Azeri GM
achieves a decisive advantage apparently out of nothing.} 1. d4 d5 2. c4 c6 3.
Nf3 Nf6 4. Nc3 dxc4 5. a4 Bf5 6. Ne5 Nbd7 7. Nxc4 Qc7 8. g3 e5 9. dxe5 Nxe5 10.
Bf4 Nfd7 11. Bg2 g5 12. Ne3 gxf4 13. Nxf5 O-O-O 14. Qc2 Nc5 15. O-O fxg3 16.
hxg3 a5 17. Rad1 h5 18. Rxd8+ Qxd8 19. Rd1 Qf6 {This theoretical variation is
considered perfectly playable for Black. However, Mamedyarov shows that White
can calmly exchange pieces and continue to play the resulting positions, where
black pawn weaknesses on the kingside can be very weak in certain endgames.}
20. e3 Kb8 21. Ne2 Ne6 22. Nh4 $146 (22. Ned4 Bb4 23. Nxe6 fxe6 24. Nd4 Rd8 25.
Rf1 Rc8 26. Qh7 Nc4 27. Rc1 Nxe3 28. Nxc6+ bxc6 29. Rxc6 Rxc6 30. Bxc6 Qe7 31.
Qxe7 Bxe7 32. fxe3 Kc7 33. Bf3 {1/2-1/2 Avrukh,B (2641)-Fressinet,L (2654)/
Germany 2008}) 22... Bb4 23. Nd4 Nxd4 (23... Rd8 24. Nxe6 fxe6 25. Rxd8+ Qxd8
26. Bf3 $5 Be7 27. Qe4 Nxf3+ 28. Nxf3 Qd5 29. Qf4+ Bd6 30. Qf6 $13 {/+/=}) 24.
Rxd4 Rd8 25. Rxd8+ Qxd8 26. Bf3 $5 {A nice idea, following the rule that Q+N
is often better than Q+B.} Nxf3+ 27. Nxf3 Qd5 28. e4 Qa2 29. Kg2 $14 Ka7 (29...
Ba3 30. Qd2 Qxb2 31. Qd8+ Ka7 32. Qxa5+ Kb8 33. Qxh5 $16) 30. Nd4 Be7 31. f4 f6
{The first questionable decision. Understandably Black wants to stop the
advance e4-e5, but placing the pawn on a dark square and weakening the
e6-square obviously favour White.} 32. b3 Qa3 $2 {This is practically the
decisive mistake. Soon Black will exchange queens in an worse situation.} (
32... Qxc2+ 33. Nxc2 b5 {should lead to draw:} 34. g4 {Other possible
variations:} ({In the event of} 34. Kh3 Kb6 35. Kh4 {Black creates counterplay
with} c5 $1 36. Kxh5 c4 37. bxc4 bxa4 38. g4 ({or} 38. e5 Kc5) 38... Kc5 39. e5
fxe5 40. f5 Kxc4 41. g5 Kd3 42. f6 Bd8 {and it is White who must make the draw}
) (34. Kf3 Kb6 35. Ke3 Bc5+ 36. Ke2 Bg1 $11) (34. Nd4 Kb6 35. Kf3 Bb4 36. e5
fxe5 37. fxe5 bxa4 38. bxa4 c5 39. Nf5 c4 40. Ke4 Kc5 41. e6 Kc6 42. Kd4 c3 43.
Kd3 Kc7 $11) 34... hxg4 35. Kg3 Kb6 36. Kxg4 c5 37. Kf5 c4 38. bxc4 bxa4 39.
Ke6 Bb4 40. Kxf6 Kc5 41. e5 a3 42. e6 Kxc4 43. f5 a2 44. e7 Bxe7+ 45. Kxe7 Kb3
46. Na1+ Kb2 47. f6 Kxa1 48. f7 Kb1 49. f8=Q a1=Q 50. Qf1+ $11) 33. Ne6 $1 ({
Stronger than} 33. Nf5 Bf8 {and it is not easy to break through.}) 33... Qd6 (
33... Bf8 34. Qf2+ Kb8 (34... b6 35. Qd2 $16) 35. Qb6 {looks hopeless for
Black, but he has a miraculous defence:} ({A stronger try is} 35. Qf3 Bb4 36.
Ng7 $16) 35... Qa2+ $1 (35... Qb2+ 36. Kf3 Bb4 37. Qd8+ Ka7 38. Qd4+ Qxd4 39.
Nxd4 $16) 36. Kh3 (36. Kf3 Bb4 37. Qd8+ Ka7 38. Qd1 (38. Qxf6 Qxb3+ 39. Kg2
Qc2+ 40. Kh3 Qxe4 $17) 38... Kb8 39. Nd4 Qh2 $132 {/=}) 36... Qe2 37. Nxf8 (37.
Qd8+ Ka7 38. Qxa5+ Kb8 $11 {[%cal Ge2g4,Gg4e2]}) 37... Qf1+ 38. Kh2 Qe2+ 39.
Kg1 Qe1+ 40. Kg2 Qxe4+ 41. Kf2 Qc2+ 42. Kf3 Qd1+ 43. Ke4 Qb1+ {and White can't
escape perpetual}) (33... Bb4 34. Ng7 $16) 34. Ng7 $1 Kb6 35. Qf2+ {Mamedyarov
rightly calculated that the resulting endgame is winning for White.} (35. Nxh5
$16 {/+-}) 35... Qc5 (35... Kc7 $2 36. Ne8+) (35... c5 36. Qe2 $16 (36. Nxh5
Qd1 37. Qf3 Qc2+ 38. Kh3 c4 {with some counterplay})) 36. Ne6 $1 (36. Nxh5
Qxf2+ 37. Kxf2 Kc5 $132) 36... Qxf2+ 37. Kxf2 {Although Black keeps practical
chances, strictly speaking White is winning. After centralising his king he
will attack and win the h-pawn. Black fails to either activate his own king 
(which is very badly placed on b6), or to create queenside counterplay.} c5 ({
But} 37... Ka6 38. Ke2 b5 39. Kd3 Kb6 {also loses:} (39... c5 40. Nc7+ $18) 40.
Ng7 c5 41. axb5 Kxb5 42. Kc3 c4 43. bxc4+ Kc6 44. Nxh5 a4 45. g4 a3 46. Ng7 $18
) 38. Ke3 Kc6 39. Kd3 b5 (39... Kd6 40. Ng7 $18) 40. axb5+ Kxb5 41. Nc7+ Kb4 (
41... Kc6 42. Nd5 Bd8 43. Kc4 $18) 42. Nd5+ Kxb3 43. Nxe7 c4+ 44. Kd2 c3+ 45.
Kc1 a4 46. Nd5 a3 47. Ne3 a2 48. Nc2 Kc4 49. Kd1 $1 {The only winning move.} (
49. f5 Kc5 $1 50. Kd1 a1=Q+ 51. Nxa1 Kd4 $11) 49... a1=Q+ 50. Nxa1 Kd4 51. e5
fxe5 52. f5 Kd5 (52... Kd5 53. Nc2 e4 54. Ne3+ Ke5 55. Kc2 $18) 1-0